1973 1211 1966 1834 1776 1473 1550 1802 1959 1143 1568 1884 1272 1488 1207 1418 1588 1892 1110 1403 1060 1856 1739 1385 1984 1791 1078 1156 1150 1726 1054 1538 1772 1195 1154 1768 1474 1825 1282 1911 1739 1817 1375 1166 1617 1883 1035 1313 1850 1690 1106 1218 1081 1793 1253 1629 1404 1809 1418 1304 1868 1706 1608 1711 1528 1461 1859 1214 1723 1303 1711 1969 1377 1894 1754 1830 1385 1525 1555 1451 1636 1717 1592 1434 1939 1291 1670 1765 1037 1842 1857 1413 1207 1234 1174 1846 1598 1304 1493 BCNSPRNW ULIB Ver.6.0+V

เปลี่ยนเป็นภาษาไทย

Change to English
 แสดงรายละเอียดบรรณานุกรม
  กลับหน้าหลัก

Brief Record : Get Marc (ISO 2709) : E-mail record : QR code < ปิดหน้าต่าง
LEADER : 00000nam 2200000uu 4500
001    13399121992
003     ULIB
008    121218s2552||||th 000 0 tha d
020    ^a9789746724319
060 04 ^aWL355^bก671ต 2552
245 00 ^aตำราพยาธิสรีรวิทยาและการรักษาโรคหลอดเลือดแดงคาโรติดตีบตัน= Pathophysiology and management in carotid artery stenosis /^cกิตติพันธุ์ ฤกษ์เกษม, บรรณาธิการ
246 31 ^aPathophysiology and management in carotid artery stenosis
250    ^aพิมพ์ครั้งที่ 1
260    ^aเชียงใหม่ :^bภาควิชาศัลยศาสตร์ คณะแพทยศาสตร์มหาวิทยาลัยเชียงใหม่,^c2552
300    ^axv, 284 หน้า :^bภาพประกอบ
504    ^aมีบรรณานุกรมและดรรชนีประกอบ
650  2 ^aCarotid stenosis^xPhysiopathology
650  2 ^aCarotid stenosis^xTherapy
700 00 ^aกิตติพันธุ์ ฤกษ์เกษม,^eบรรณาธิการ
710 20 ^aมหาวิทยาลัยเชียงใหม่.^bคณะแพทยศาสตร์.^bภาควิชาศัลยศาสตร์
945    ^p700^l0^i16619
995    ^a ทศพร
999    ^aทศพร เกษรทอง
รายการนี้ยังไม่มีแท็ก
คุณยังไม่ได้ล็อกอิน คุณสามารถมีกิจกรรมร่วมกับเว็บไซต์ได้ แต่ต้องล็อกอินก่อน ::
  ล็อกอิน

รายการสื่อสารสนเทศ

ลำดับที่ ประเภท เลขเรียก/บาร์โค้ด สถานที่ สถานะ
- ไม่พบข้อมูล -

BibComment


ยังไม่เคยถูกคอมเมนท์

คอมเมนท์ทรัพยากรรายการนี้
  คอมเมนท์: ตำราพยาธิสรีรวิท..


 Copyright 2026. Bcnsprnw @Library